Hierarchické analytické vzory : V.odb. 26-31-9 : Obh. 10.09.2003

Na minha lista:
Detalhes bibliográficos
Autor principal: Šešera, Ľubor, 1961- (Author)
Outros Autores: Návrat, Pavol, 1952- (Thesis advisor)
Formato: Manuscrito Livro
Idioma:eslovaco
Publicado em: Bratislava : STU v Bratislave FEI, 2003
Assuntos:
Tags: Adicionar Tag
Sem tags, seja o primeiro a adicionar uma tag!

MARC

LEADER 00000ntm a22000003a 4500
001 stu83084
005 20200817130602.3
008 040109s2003------------------------slo-d
040 |a STU  |b slo 
041 0 |a slo 
080 |a 681.32.06 
080 |a 681.518 
080 |a 519.68 
100 1 |a Šešera, Ľubor,  |d 1961-  |4 aut  |u I200  |U FIIT Fakulta informatiky a informačných technológií  |T FIIT Ústav informatiky a softvérového inžinierstva  |X 1840  |U I200  |Y 179  |7 A000001840 
245 1 |a Hierarchické analytické vzory :  |b  V.odb. 26-31-9 : Obh. 10.09.2003 
260 |a Bratislava :  |b STU v Bratislave FEI,  |c 2003 
300 |a 133 s  |c príl. 
650 7 |a programové systémy  |2 stusub 
650 7 |a informačné systémy  |2 stusub 
700 1 |a Návrat, Pavol,  |d 1952-  |4 ths  |u I200  |U FIIT Fakulta informatiky a informačných technológií  |T FIIT Ústav informatiky a softvérového inžinierstva  |X 4660  |U I200  |Y 179  |7 4660 
996 |b 284ED00268  |c E*PGŠ-854  |l EE01  |s A  |a 24  |w stu83084_0001